|
|
|
|
| LEADER |
00000cab a2200000 ar4500 |
| 001 |
vtls008962174 |
| 003 |
SK-MaSNL |
| 005 |
20260303070718.0 |
| 008 |
070405c2007 xo wr|p|||||||000 ||slo |
| 038 |
|
|
|a PPPK
|
| 040 |
|
|
|a PPPKCL
|b slo
|c PPPK
|e AACR2
|
| 041 |
0 |
|
|a slo
|
| 044 |
|
|
|a xo
|c SK
|
| 080 |
|
|
|a 75.071.1:061.4
|2 2001
|
| 080 |
|
|
|a 061.4
|2 2001
|
| 245 |
0 |
0 |
|a Mladého výtvarníka očarili premeny prírody
|c [autor] (pet)
|
| 300 |
|
|
|b Fotogr.
|
| 600 |
1 |
7 |
|a Turzák, Tomáš,
|d 1984-
|2 pppkcl
|9 193480
|
| 610 |
2 |
7 |
|a Podtatranská knižnica (Poprad, Slovensko)
|x výstavy
|2 pppkcl
|9 1068495
|
| 648 |
|
7 |
|a 2006
|2 pppkcl
|9 313148
|
| 650 |
0 |
7 |
|a výstavy
|2 pppkcl
|9 2780
|
| 651 |
|
7 |
|a Poprad (Slovensko)
|2 pppkcl
|9 20155
|
| 773 |
0 |
|
|t Tatranský denník Korzár
|g Roč. VIII, č. 9 (12.1.2006), s. 1
|x 1335-7573
|
| 852 |
|
|
|a PPPK
|b KIS3GCP
|
| 856 |
|
|
|u www.korzar.sk
|
| 999 |
|
|
|c 1756614
|d 1758544
|